<?xml version="1.0" encoding="UTF-8"?>
<marc:record xmlns:marc="http://www.loc.gov/MARC21/slim">
   <marc:leader>00000nam a2200000 a 4500</marc:leader>
   <marc:datafield ind1="1" ind2=" " tag="100">
      <marc:subfield code="a">Gruber, Roswitha</marc:subfield>
      <marc:subfield code="4">aut</marc:subfield>
      <marc:subfield code="e">Verfasser/-in</marc:subfield>
   </marc:datafield>
   <marc:datafield ind1="0" ind2="0" tag="245">
      <marc:subfield code="a">Das Leben ist kein  Oktoberfest</marc:subfield>
   </marc:datafield>
   <marc:datafield ind1="0" ind2="0" tag="245">
      <marc:subfield code="b">Heimatroman</marc:subfield>
   </marc:datafield>
   <marc:datafield ind1="0" ind2="0" tag="245">
      <marc:subfield code="c">Gruber, Roswitha</marc:subfield>
   </marc:datafield>
   <marc:datafield ind1="1" ind2=" " tag="520">
      <marc:subfield code="a">Die Zwillinge Liesl und Gretl wachsen in gutbürgerlichen Verhältnissen in München auf, bis der Zweite Weltkrieg das Familienglück zerstört. Der Vater gilt als verschollen. Die Mutter lebt mit den Kindern in einem mittelfränkischen Städtchen in bitterer Armut. Daher setzt Liesl, schon früh aus dem Nest geworfen, alles daran, Wirtin eines eigenen Speiselokals zu werden. Es ist ein langer, steiniger Weg, bis sie ihr Ziel erreicht. Doch dann fangen die Probleme erst richtig an.</marc:subfield>
   </marc:datafield>
   <marc:datafield ind1=" " ind2=" " tag="020">
      <marc:subfield code="a">9783475541827</marc:subfield>
      <marc:subfield code="9">9783475541827</marc:subfield>
   </marc:datafield>
   <marc:datafield ind1=" " ind2=" " tag="020">
      <marc:subfield code="a">3475541823</marc:subfield>
      <marc:subfield code="9">3475541823</marc:subfield>
   </marc:datafield>
</marc:record>
